000 01136nam a22002777a 4500
001 BD-DhSAU
003 BD-DhSAU
005 20250127160934.0
008 150420b2005 bg ||||| m||| 00| 0 eng d
040 _aBD-DhSAU
082 _222
_a338.1
_bF225
100 _aISLAM, FARIHA
_eRegistration No. # 16-07440
245 _aImpact of dairy farming on food security among the smallholder rural framers in some selected areas of jashore district /
_bMS thesis
260 _aSher-e-Bangla Agricultural University:
_bDepartment of Agriculture Economics ,
_c2023.
300 _ax, 104p. ;
_c30 cm.
500 _aMS thesis of Department of Agriculture Economics , Faculty of Agribusiness , Sher-e-Bangla Agricultural University, Dhaka, Bangladesh
504 _aIncludes bibliographical reference.
590 _aNazmul
650 _adairy farming on food security
651 _asmallholder rural framers
654 _ajashore district
700 _aProf Dr. Monoj Kumar Majumder
_eSuperviser
700 _aProf. Dr. Ripon Kumar Mondal
_eCo-superviser
942 _2ddc
_cTHESIS
999 _c17825
_d17824